MDQL
is popping MORE tags! Check the
thread
!
Quizzes
Events
Quiz Creation
Community
Videos
Private Events
Remove Ads
Sign In
Join for FREE
Feedback
Dark Mode
Quiz Categories
Sports
Geography
Music
Movies
Television
Just For Fun
Miscellaneous
History
Literature
Language
Science
Gaming
Entertainment
Religion
Holiday
For Kids
Quiz Lab
Recent
Popular Today
Quiz Kudos Today
Editor Picks
Curator Picks
Quizzes by...
Day
Popularity
Type
Ratings
Length
Year
Community
Subscriptions
Recent Discussions
Orange Saloon
Badges
Playlists
Quests
Create
Leaderboards
Showdown
Live 5
Trivia Bingo
Activity
Puzzle Library
Sporcle Events
Private Events
Virtual Trivia
Globe League
Become a Host
Pub Owners
SporcleCon
Opinionation
Our Games
Videos
Blog
Mobile Apps
Partnerships
Remove Ads and Go Orange
Feedback
Gaming
Video Games
Board Games
Card Games
Pokémon
Mario
Nintendo
Minecraft
Console
Toys
Legend of Zelda
Gaming
Video Games
Board Games
Card Games
Pokémon
Mario
Nintendo
Minecraft
Console
Toys
Legend of Zelda
Random Quiz
Search Sporcle
×
Quiz Lab
Quiz Lab
Gaming
Rhythm Heaven
Type in answers that appear in a list
Type in answers that appear in a list
Classic
Best Score? Go Orange.
Karate Man (Fever) Lyrics Stats
Can You List The Lyrics For 'Lonely Storm' (Karate Man in Rhythm Heaven Fever)?
By
7GrandDad
10m
142 Questions
85 Plays
85 Plays
85 Plays
Comments
Comments
Give Quiz Kudos
Give Quiz Kudos
-
- Ratings
hide this ad
Replay
Link that replays current quiz
Next Quiz
Link to next quiz in quiz playlist
You Got
0%
They Got
Avg Score
78%
Avg Friend Score
Upgrade to see
Score Distribution
Jump to the score distribution portion of the page
Score
0/142
Timer
10:00
0
Plays Today
% Correct
A
98.8%
A
98.8%
A
98.8%
I
98.8%
I
98.8%
I
98.8%
I
98.8%
I
98.8%
I
98.8%
I
98.8%
I
98.8%
I
98.8%
Man
96.5%
Man
96.5%
Just
95.3%
Just
95.3%
You,
95.3%
You
95.3%
Just
95.3%
You
95.3%
You
95.3%
You
95.3%
You
95.3%
You
95.3%
Just
95.3%
You
95.3%
Just
95.3%
I'm
94.1%
I'm
94.1%
I'm
94.1%
I'm
94.1%
Missing
89.4%
No,
89.4%
No
89.4%
No,
89.4%
No
89.4%
Please
88.2%
Understand
88.2%
The
87.1%
The
87.1%
The
87.1%
The
87.1%
Baby,
84.7%
Storm.
84.7%
Baby,
84.7%
My
84.7%
My
84.7%
My
84.7%
% Correct
My
84.7%
To
83.5%
Way
83.5%
Without
83.5%
Dying.
83.5%
To
83.5%
Way
83.5%
Way,
83.5%
In
82.4%
Lonely
81.2%
Whoa
81.2%
Whoa
81.2%
Whoa
81.2%
Whoa
81.2%
Whoa
81.2%
Now.
80%
Now
80%
Now.
80%
Broken
78.8%
Try
78.8%
Go
77.6%
Go
77.6%
Is
77.6%
Is.
77.6%
Find
76.5%
That
76.5%
That
76.5%
That
76.5%
That
76.5%
Shattering
75.3%
Can't
75.3%
Can't
75.3%
Can't
75.3%
Are
75.3%
Are
75.3%
Are
75.3%
Are
75.3%
It
75.3%
One
74.1%
Know
74.1%
Of
74.1%
Of
74.1%
Will
72.9%
How
72.9%
Back
72.9%
Back.
72.9%
Seasons
72.9%
Days
71.8%
% Correct
As
70.6%
End
70.6%
Choose
70.6%
Solitude.
70.6%
There
70.6%
Wonder,
70.6%
Wonder,
70.6%
Wonder,
70.6%
Cycle
69.4%
And
69.4%
Where
69.4%
And
69.4%
And
69.4%
Feel
69.4%
Swarm.
68.2%
Return.
68.2%
Innocence.
67.1%
If
67.1%
Shadows
64.7%
Beautiful
64.7%
That's
63.5%
About
63.5%
More
62.4%
Before.
62.4%
Say
62.4%
Guess
62.4%
Than
61.2%
Everything
61.2%
Another
60%
Then
60%
Alone.
58.8%
By
58.8%
Well
58.8%
Has
57.6%
Passed
57.6%
Hear
57.6%
Happier
57.6%
It's
57.6%
Bear
56.5%
Us
56.5%
Pain
55.3%
Yet
55.3%
From
51.8%
Everyone
50.6%
Different.
50.6%
Help
48.2%
Quiz Playlist
Details
Report
Send in Message
Add To Playlist
Classic:
Type in answers that appear in a list
Last Updated: Apr 27, 2017
Quiz Scoreboard
CHALLENGE
Sign Up to Join the Scoreboard
Show All
Scores
Hide
Comments
May contain spoilers
Recently Published
Holiday 10x10 Sorting Gallery
by lukepisani3
Holiday
15m
Two Season TV Shows II
by 123Four
Television
10m
Image Sorting: Flags VI
by Barbecue
Geography
2m
More to Explore
Quiz From the Vault
Featured Blog Post
14 Easter Pick-up Lines to Find Eggs With
hide this ad
You Might Also Like...
Tags
Rhythm Heaven
Today's Top Quizzes in Gaming
Browse Gaming
hide this ad
Today's Top Quizzes in Rhythm Heaven
Browse Rhythm Heaven
Top Contributed Quizzes in Gaming
1
League of Legends Pro Players by Career/Team History
2
Genshin Impact Logic Puzzle
3
Destiny 2 exotic weapons by perk icons
4
Genshin murder mystery
5
4x4 Decades: Video Games
6
Genshin Impact Logic Puzzle Quiz
7
Ultimate Genshin Impact Logic Puzzle (up to 4.3)
8
Dead By Daylight Logic Puzzle
9
Who's on the WWE 2K24 Cover?
10
Overwatch Logic Puzzle
Explore More
Trending Topics
Disney
NBA
Crossword
Marvel
Kpop
Harry Potter
Anime
Country
Song
The Office
Pokémon
WWE
Soccer
Puzzle
NFL
hide this ad
More By:
7GrandDad
Quiz
Plays
Rating
Category
Featured
Created
Super Smash Bros. Ultimate Obscure Character Trivia
22,141
4.90
Gaming
Dec 4, 2018
Name A Smash Bros. Fighter That...
1,780
5.00
Gaming
Nov 27, 2019
Franchises in Super Smash Bros.
1,711
4.80
Gaming
Jan 13, 2019
Name A Smash Bros. Fighter That... 2
1,398
5.00
Gaming
May 21, 2020
Last Surprise Lyrics
635
Gaming
Feb 25, 2019
Go to Creator's Profile
Score Distribution
Quiz Creator Spotlight
7GrandDad
Follow
Send a Message
Quizzes Created
-
Created Quiz Play Count
-
More By This Creator
Popular Quizzes Today
1
Find the US States - No Outlines Minefield
2
Colored Red Africa Blitz
3
Find the 'City' Movie
4
5x2 Blitz: Bands
5
The Countries of the World
6
Find the Countries of Europe - No Outlines Minefield
7
Find the US States
8
US States
More Gaming Quizzes
WoW Reputation Factions: Alliance or Horde?
Quiz Lab
Trending Quizzes
Colored Red Europe Blitz I
Colored Red Africa Blitz II
Colored Red Europe Blitz II
Even More Two Season TV Shows
Colored Red Africa Blitz III
Recently Updated
March Madness Men's Triple Doubles
pecheneg
How Do You Spell That?
pecheneg
Godzilla Movies
pecheneg
Grab Bag: 4-10 Letters
pecheneg
2024 March Madness Bracket
pecheneg
Famous TV Couples
Peacemaker
Champions League XIs: Real Madrid
pecheneg
Largest US Cities 1790-2010
pecheneg
Rides in Walt Disney World
pecheneg
Most Oscar Losses (Acting)
pecheneg
Trending Topics
Harry Potter
Disney
NBA
Kpop
Marvel
Anime
Crossword
Pokémon
The Office
Puzzle
Song
WWE
NFL
Soccer
Country
Your Account Isn't Verified!
In order to create a playlist on Sporcle, you need to verify the email address you used during registration. Go to your
Sporcle Settings
to finish the process.
Report this User
Report this user for behavior that violates our
Community Guidelines
.
Details:
Send Report
Go to the Sporcle.com Mobile Site →
Comments